000 01017cam a22003617 4500
001 a46252
003 DO-SdBNP
005 20180126092635.0
007 a46252
008 091102s1991 sp a | |||| 000 0 spa
015 _a
017 _a
_b
020 _a8420733814
035 _a
040 _aBPMSU
_bspa
_cBPMSU
_e
080 _a
080 _a
082 _aI853.8
_bM831h
100 1 _aMoravia, Alberto,
_d 1907-1990.
245 1 0 _aHistorias de la prehistoria /
_hAlberto Moravia ; traducción y notas, Laura Cepeda ; apéndice, Isabel Prieto ; ilustración, Shula Goldman.
_b
_c
250 _a 4. ed.
260 _aMadrid :
_bAnaya,
_c1991.
_f
300 _a223 p.:
_bil. ;
_c21 cm.
490 1 _aTus libros
504 _aBibliografía : p. 222-223
650 _a
_z
_v
_v
_2
700 1 2 _aCepeda, Laura,
_etr.
700 1 2 _aGoldman, Sbula,
_eil.
830 0 _aTus libros
942 _2ddc
_cBK
945 _aInventariado, 2018 /LP
956 _aVMATEO
_b20160714
_cBPMSU
_d00069
999 _c10887
_d10887